| 000 | 00635cam a2200241ua 4500 | ||
|---|---|---|---|
| 020 |
_a81 85240 47 7 _c80.00 |
||
| 041 |
_aeng _h |
||
| 082 |
_a627.52 _bVAR/TH |
||
| 100 | _aVarshney, R.S. | ||
| 245 |
_aTheory and design of irrigation structures:channels and tubewells vol-1 / _cR S Varshney. _hTextual Documents |
||
| 250 |
_a6 / _b. |
||
| 260 |
_aRoorkee : _bNem Chand And Bros , _c1992. |
||
| 300 | _a567 ; . | ||
| 365 | _a80.00 | ||
| 500 | _a*CSS | ||
| 504 | _a | ||
| 700 | 1 | _aGupta, R C . | |
| 700 | 1 | _aGupta, S.C. | |
| 942 | _cBK | ||
| 999 |
_c9424 _d9424 |
||